000 00678nam a2200289Ia 4500
005 20260324133841.0
008 008 260324s9999 xx 000 0 eng d
020 _a9781315028705
037 _aEBOOK
040 _aCRL
040 _beng
040 _cCRL
041 _2eng
041 _aeng
084 _qCRL
100 _aM. J. Bradshaw
_91194634
245 4 _aThe Russian Far East and Pacific Asia
245 0 _bUnfulfilled Potential
260 _bTaylor and Francis
260 _c2002
365 _a
365 _b145
856 _uhttp://www.taylorfrancis.com/books/9781315028705
942 _cEBOOK
999 _c1794107
_d1794107